Manual for Administration, Scoring, and Interpretation MMPI-2 (Hand Scoring Introductory Kit) (Record no. 349674)

000 -LEADER
fixed length control field 00728nam a22001937a 4500
003 - CONTROL NUMBER IDENTIFIER
control field OSt
005 - DATE AND TIME OF LATEST TRANSACTION
control field 20180116182956.0
008 - FIXED-LENGTH DATA ELEMENTS--GENERAL INFORMATION
fixed length control field 140506b xxu||||| |||| 00| 0 eng d
040 ## - CATALOGING SOURCE
Original cataloging agency 0
Language of cataloging 0
Transcribing agency 0
082 ## - DEWEY DECIMAL CLASSIFICATION NUMBER
Classification number 155.283 BUT 2001
100 ## - MAIN ENTRY--PERSONAL NAME
Personal name James N. Butcher John R. Graham
245 ## - TITLE STATEMENT
Title Manual for Administration, Scoring, and Interpretation MMPI-2 (Hand Scoring Introductory Kit)
Remainder of title Minnesota Multiphasic Personality Inventory-2
Statement of responsibility, etc. James N. Butcher John R. Graham
250 ## - EDITION STATEMENT
Edition statement Revised Edition
260 ## - PUBLICATION, DISTRIBUTION, ETC.
Place of publication, distribution, etc. USA
Name of publisher, distributor, etc. Pearson
Date of publication, distribution, etc. 2001
300 ## - PHYSICAL DESCRIPTION
Extent 212p.
Other physical details PB and Containing 18 Vol-Set Kit
440 ## - SERIES STATEMENT/ADDED ENTRY--TITLE
Title Manual for Administration, Scoring, and Interpretation MMPI-2
700 ## - ADDED ENTRY--PERSONAL NAME
Personal name James N. Butcher John R. Graham
942 ## - ADDED ENTRY ELEMENTS (KOHA)
Source of classification or shelving scheme
Koha item type bound volumes
Holdings
Withdrawn status Lost status Source of classification or shelving scheme Damaged status Not for loan Collection code Permanent Location Current Location Shelving location Date acquired Total Checkouts Full call number Barcode Date last seen Price effective from Koha item type Checked out Date last checked out
            Central Library (CL) Central Library (CL) General Stacks 10/02/2014   155.283 BUT 2001 NBSPS-140 04/02/2015 10/02/2014 Book    
            Central Library (CL) Central Library (CL) General Stacks 10/02/2014   155.283 BUT 2001 NBSPS-141 10/13/2014 10/02/2014 Book    
            Central Library (CL) Central Library (CL) General Stacks 05/06/2014 1 155.283 BUT 2001 s3h-s-266 10/17/2018 05/06/2014 bound volumes 02/14/2019 10/17/2018
© 2023 Central Library, National University of Sciences and Technology. All Rights Reserved.